Wykonawcy piosenek z lat 80 i 90 - Statystyki

Ogólne statystyki
  • Ten quiz został rozwiązany 353 razy
  • Średni wynik to 11 z 15
Statystyki odpowiedzi
Tytuł Piosenki Wykonawca % Poprawnych
Wehikuł Czasu Dżem
91%
Biała Armia Bajm
86%
Autobiografia Perfect
85%
A wszystko to... (Bo ciebie kocham) Ich troje
83%
Zostawcie Titanica Lady Pank
81%
Takie Tango Budka Suflera
80%
Black and White Kombi
80%
Chałupy welcome to Zbigniew Wodecki
80%
To nie ja Edyta Górniak
76%
Ostatni raz zatańczysz ze mną Krzysztof Krawczyk
74%
Chłopaki nie płaczą T. Love
66%
Dzieci Wybiegły Elektryczne Gitary
65%
Jenny Edyta Bartosiewicz
55%
Kocham Cię jak Irlandię Kobranocka
53%
Nadzieja Ira
39%
Nie znaleziono quizów pasujących do podanych kryteriów
Rozkład punktacji
Procent ludzi z każdym wynikiem
Percentyl według liczby udzielonych odpowiedzi
Twoja historia wyników
Nie rozwiązałeś tego quizu